| 000 | 00850ntm a22002177a 4500 | ||
|---|---|---|---|
| 005 | 20170810144440.0 | ||
| 008 | 170802s2015 xx a frb 000 0 eng d | ||
| 040 |
_aEG-ScBUE _beng _cEG-ScBUE |
||
| 082 | 0 | 4 |
_222 _a624 _bFAY |
| 100 | 1 | _aFayez, Mark Emad. | |
| 245 | 1 | 2 |
_aA failure mode and effect analysis fmea technique for defying and assessing possible causes of project delays in construction / _cMark Emad Fayez. |
| 260 | _c2015. | ||
| 300 |
_a62 p . : _bill . (col.) ; _c28 cm . |
||
| 500 | _aA dissertation submitted to the faculty of engineering The British University in Egypt in partial fulfillment of the requirement of the bachelor degree in civil engineering . | ||
| 590 | _anaira | ||
| 650 | 7 |
_2BUEsh _aCivil engineering _vProjects |
|
| 653 |
_bENGCIV _cAugust2017 |
||
| 655 | _vSPRO | ||
| 700 | 1 |
_aMorkos, Maged. _cths |
|
| 942 | _2ddc | ||
| 999 |
_c25311 _d25283 |
||